000 00293nam a2200133Ia 4500
008 210312s9999||||xx |||||||||||||| ||und||
041 _aosm
050 _aDT20
050 _bM44.A37
100 _aMehmed Muhsin
245 0 _aAfrika delili
260 _c1894
650 _aTarih--Afrika--Geziler
999 _c22413
_d22413